Statistics for Cities by Skyline Silhouette - Map Quiz

Click here to take the quiz!

General Stats

  • This quiz has been taken 36,828 times
  • The average score is 7 of 10

Answers on the Map

Answers color-coded by a green-red scale on the quiz's map according to % correct below.
Loading ...
 

Answer Stats

Answer% Correct
Paris
97%
New York City
87%
Dubai
78%
Sydney
75%
Seattle
66%
Kuala Lumpur
64%
Toronto
58%
Shanghai
54%
Barcelona
51%
Johannesburg
30%

Score Distribution

Percentile by Number Answered

Percent of People with Each Score

Your Score History

You have not taken this quiz